Hunter X Hunter- Les cartes de Greed Island - Statistiques

Statistiques générales
  • Ce quiz a été pris 31 fois
  • Le résultat moyen est 8 sur 176
Statistiques - réponses
Couleur Numéro Nom de la carte Rang % Correct
Rouge (sort) 1039 Accompagnement F-130
67%
Vert (emplacement fixe) 000 Le bonheur du détenteur SS-1
58%
Vert (emplacement fixe) 002 La côte d'un Tsubo A-17
54%
Vert (emplacement fixe) 017 Le souffle du grand ange SS-3
50%
Rouge (sort) 1009 Retour G-380
50%
Vert (emplacement fixe) 084 Le collier du chevalier D-60
46%
Vert (emplacement fixe) 081 Blue Planet SS-5
38%
Rouge (sort) 1005 Force magnétique C-50
38%
Rouge (sort) 1014 Évasion B-30
33%
Vert (emplacement fixe) 025 Le dé du risque B-30
29%
Bleu (emplacement libre) 21449 Pierre H-∞
25%
Rouge (sort) 1007 Vol C-50
25%
Rouge (sort) 1016 Dérive F-200
21%
Vert (emplacement fixe) 075 L'alexandrite de la chance A-20
21%
Rouge (sort) 1027 Trace E-90
17%
Bleu (emplacement libre) 585 Cheval à bulles C-50
13%
Rouge (sort) 1011 Clonage D-70
13%
Rouge (sort) 1018 Collection B-25
13%
Rouge (sort) 1040 Contact F-200
13%
Vert (emplacement fixe) 001 Le bois secret d'un Tsubo SS-3
13%
Vert (emplacement fixe) 083 L'épée de la vérité B-22
13%
Rouge (sort) 1025 Rideau noir F-200
13%
Rouge (sort) -003 Elimination -
8%
Bleu (emplacement libre) 1217 Garugaider F-185
8%
Vert (emplacement fixe) 079 Le diamant arc-en-ciel A-20
8%
Vert (emplacement fixe) 064 L'élixir de la sorcière B-30
8%
Rouge (sort) 1032 Loterie G-350
8%
Violet-Cartes du jeu Wonderswan Color (emplacements libres) 906 Pelle
8%
Bleu (emplacement libre) 13251 Pelle H-10000
8%
Vert (emplacement fixe) 097 Caméra 3D B-30
4%
Rouge (sort) 1002 Clairvoyance F-150
4%
Bleu (emplacement libre) 110 Invitation du détenteur SS-1
4%
Vert (emplacement fixe) 053 King white ookuwagata A-30
4%
Vert (emplacement fixe) 035 Kit caméléon S-6
4%
Vert (emplacement fixe) 012 Le dictionnaire d'or S-10
4%
Vert (emplacement fixe) 073 Le jade des ténèbres A-15
4%
Vert (emplacement fixe) 023 Le livre infini B-30
4%
Bleu (emplacement libre) 263 Les villageois en forme C-50
4%
Bleu (emplacement libre) 163 Les villageois malades F-150
4%
Rouge (sort) 1038 Liste G-350
4%
Rouge (sort) 1010 Mimétisme A-20
4%
Rouge (sort) 1035 Solidité S-10
4%
Bleu (emplacement libre) 607 10000 Jénis H-∞
0%
Violet-Cartes du jeu Wonderswan Color (emplacements libres) 831 Abeille tueuse
0%
Rouge (sort) 1031 Analyse G-400
0%
Rouge (sort) 1033 Attribution C-50
0%
Violet-Cartes du jeu Wonderswan Color (emplacements libres) 810 Basilik
0%
Violet-Cartes du jeu Wonderswan Color (emplacements libres) 835 Bois fou
0%
Bleu (emplacement libre) 100 Carte de l'île G-400
0%
Bleu (emplacement libre) 101 Carte de l'île D-70
0%
Vert (emplacement fixe) 031 Carte postale aller-retour pour les morts S-13
0%
Violet-Cartes du jeu Wonderswan Color (emplacements libres) 898 Chef des loups
0%
Violet-Cartes du jeu Wonderswan Color (emplacements libres) 832 Chevalier en armure
0%
Violet-Cartes du jeu Wonderswan Color (emplacements libres) 820 Chien chasseur
0%
Rouge (sort) 1022 Chute C-40
0%
Rouge (sort) 1017 Collision F-200
0%
Rouge (sort) 1023 Concession B-25
0%
Rouge (sort) 1020 Contrefaçon C-40
0%
Vert (emplacement fixe) 033 Cookie aux hormones S-13
0%
Vert (emplacement fixe) 029 Coupon de réservation forcée A-20
0%
Vert (emplacement fixe) 030 Coussin connexion B-21
0%
Violet-Cartes du jeu Wonderswan Color (emplacements libres) 837 Crâne d'araignée
0%
Bleu (emplacement libre) 572 Cyclope géant G-333
0%
Rouge (sort) 1013 Départ D-65
0%
Rouge (sort) 1021 Dérober B-30
0%
Violet-Cartes du jeu Wonderswan Color (emplacements libres) 812 Dragon rouge E-?
0%
Violet-Cartes du jeu Wonderswan Color (emplacements libres) 805 Dryade
0%
Rouge (sort) 1026 Eau bénite A-20
0%
Rouge (sort) 1008 Échange E-100
0%
Vert (emplacement fixe) 034 Enquête sur tout B-30
0%
Rouge (sort) 1030 Guide E-120
0%
Bleu (emplacement libre) 7018 Kidon C-?
0%
Vert (emplacement fixe) 011 La balance d'or B-30
0%
Vert (emplacement fixe) 055 La boutique des contreparties A-20
0%
Vert (emplacement fixe) 082 La canne du châtiment céleste A-15
0%
Vert (emplacement fixe) 006 La fontaine de jouvence à alcool A-15
0%
Vert (emplacement fixe) 056 La galerie de photos souvenirs B-25
0%
Vert (emplacement fixe) 057 L'agent immobilier de maisons cachées A-11
0%
Vert (emplacement fixe) 005 La grotte des esprits S-8
0%
Vert (emplacement fixe) 074 L'aigue-marine philosophale A-15
0%
Vert (emplacement fixe) 046 La jeune fille à la poudre d'or A-13
0%
Vert (emplacement fixe) 047 La jeune fille endormie A-11
0%
Vert (emplacement fixe) 048 La jeune fille parfumée A-15
0%
Vert (emplacement fixe) 072 La machine de remodelage du professeur fou A-15
0%
Vert (emplacement fixe) 066 L'amaigrissant de la sorcière B-28
0%
Rouge (sort) 1028 Lancer de pierres E-100
0%
Vert (emplacement fixe) 070 La pastille de renforcement musculaire du professeur fou A-16
0%
Vert (emplacement fixe) 052 La perle de sauterelle B-30
0%
Vert (emplacement fixe) 007 La pierre de grossesse S-10
0%
Vert (emplacement fixe) 080 La pierre flottante S-10
0%
Vert (emplacement fixe) 071 La pommade d'hormones du professeur fou A-20
0%
Vert (emplacement fixe) 009 L'arbre de la bonne récolte S-10
0%
Vert (emplacement fixe) 086 L'arc de l'échec A-11
0%
Vert (emplacement fixe) 085 L'armure de remplacement de corps S-8
0%
Vert (emplacement fixe) 036 La salle de recyclage S-10
0%
Vert (emplacement fixe) 049 La sirène qui s'emballe B-23
0%
Vert (emplacement fixe) 004 La source naturelle des belles peaux A-15
0%
Vert (emplacement fixe) 028 La télécommande à sentiments B-27
0%
Vert (emplacement fixe) 024 La télé probable A-20
0%
Vert (emplacement fixe) 016 L'avertissement du maître des fées S-6
0%
Vert (emplacement fixe) 032 Le bonbon mainate B-30
0%
Vert (emplacement fixe) 087 Le bouclier des prières S-15
0%
Vert (emplacement fixe) 027 Le carnet de ticket de bus-visage B-25
0%
Vert (emplacement fixe) 013 Le carnet du bonheur A-20
0%
Vert (emplacement fixe) 090 Le casque de mémoire A-20
0%
Vert (emplacement fixe) 061 Le chien en pièces A-20
0%
Vert (emplacement fixe) 059 L'école des langues étrangères instantanées A-20
0%
Bleu (emplacement libre) 102 Le coupon d'échange SS-150
0%
Vert (emplacement fixe) 015 Le diable capricieux S-10
0%
Vert (emplacement fixe) 051 Le dragon qui s'emballe S-10
0%
Vert (emplacement fixe) 088 Le grand marteau de l'immortalité A-15
0%
Vert (emplacement fixe) 008 Le lac du mystère S-10
0%
Vert (emplacement fixe) 060 Le livreur d'objets perdus B-30
0%
Vert (emplacement fixe) 065 L'élixir de jeunesse de la sorcière S-10
0%
Bleu (emplacement libre) 598 Le maître du troupeau de loups C-45
0%
Vert (emplacement fixe) 095 Le manteau du secret A-20
0%
Vert (emplacement fixe) 067 Le médicament de croissance B-30
0%
Vert (emplacement fixe) 068 Le médicament de renforcement mental A-20
0%
Vert (emplacement fixe) 069 Le médicament de repousse des cheveux du vieillard B-30
0%
Vert (emplacement fixe) 077 L'émeraude qui attire la beauté S-10
0%
Vert (emplacement fixe) 020 Le mètre de pulsions spirituelles B-30
0%
Vert (emplacement fixe) 093 L'encyclopédie de la vie B-28
0%
Vert (emplacement fixe) 054 Le papillon millénaire A-25
0%
Vert (emplacement fixe) 094 L'épée du vol S-10
0%
Vert (emplacement fixe) 018 Le petit clin d'œil du démon A-18
0%
Vert (emplacement fixe) 089 Le petit panier du contrôleur des impôts A-20
0%
Vert (emplacement fixe) 063 Le restaurant virtuel B-30
0%
Vert (emplacement fixe) 062 Le roi des clubs B-20
0%
Vert (emplacement fixe) 076 Le rubis du destin B-30
0%
Vert (emplacement fixe) 010 Le rurubu d'or A-20
0%
Vert (emplacement fixe) 078 Le saphir solitaire B-30
0%
Vert (emplacement fixe) 014 Les ciseaux coupe-liens B-22
0%
Vert (emplacement fixe) 096 Le serpent aux yeux de mille miles A-12
0%
Vert (emplacement fixe) 021 Les lunettes squelettes B-27
0%
Vert (emplacement fixe) 026 Les sept nains au travail A-20
0%
Vert (emplacement fixe) 092 Le ticket de kagemusha S-7
0%
Bleu (emplacement libre) 266 Le ticket de passage B-150
0%
Vert (emplacement fixe) 003 Le vase de la fontaine A-17
0%
Vert (emplacement fixe) 058 Le vidéo club secret A-13
0%
Bleu (emplacement libre) 697 Lézard de mélanine E-100
0%
Vert (emplacement fixe) 050 Le zaurus qui s'emballe A-11
0%
Vert (emplacement fixe) 038 L'œuf de l'artiste de niveau extra-super B-30
0%
Vert (emplacement fixe) 044 L'œuf du grand acteur B-30
0%
Vert (emplacement fixe) 043 L'œuf du grand gambler B-30
0%
Vert (emplacement fixe) 045 L'œuf du grand patron B-30
0%
Vert (emplacement fixe) 040 L'œuf du musicien de niveau extra-super B-30
0%
Vert (emplacement fixe) 041 L'œuf du pilote de niveau extra-super B-30
0%
Vert (emplacement fixe) 039 L'œuf du politicien de niveau extra-super B-30
0%
Vert (emplacement fixe) 042 L'œuf du romancier de niveau extra-super B-30
0%
Vert (emplacement fixe) 037 L'œuf du sportif de niveau extra-super B-30
0%
Vert (emplacement fixe) 019 L'oreiller de l'esprit joueur A-13
0%
Violet-Cartes du jeu Wonderswan Color (emplacements libres) 907 Lumière
0%
Vert (emplacement fixe) 099 Maid Panda S-6
0%
Bleu (emplacement libre) 673 Maremocchi D-80
0%
Violet-Cartes du jeu Wonderswan Color (emplacements libres) 836 Mimimick
0%
Rouge (sort) 1003 Mur défensif G-400
0%
Rouge (sort) 1036 Œil de dieu S-10
0%
Violet-Cartes du jeu Wonderswan Color (emplacements libres) 830 Œil endormi
0%
Violet-Cartes du jeu Wonderswan Color (emplacements libres) 809 Oiseau-Tonnerre E-?
0%
Violet-Cartes du jeu Wonderswan Color (emplacements libres) 808 Ondine E-?
0%
Rouge (sort) 1024 Pénétration D-80
0%
Rouge (sort) 1006 Pickpocket F-170
0%
Vert (emplacement fixe) 091 Plaking A-20
0%
Rouge (sort) 1019 Porte du château F-200
0%
Rouge (sort) 1034 Purification D-55
0%
Violet-Cartes du jeu Wonderswan Color (emplacements libres) 811 Ragon
0%
Violet-Cartes du jeu Wonderswan Color (emplacements libres) 827 Rat à carapace
0%
Bleu (emplacement libre) 711 Rat télécommandé H-800
0%
Rouge (sort) 1037 Recyclage F-170
0%
Rouge (sort) 1004 Réflexion E-120
0%
Rouge (sort) 1012 Relégation F-140
0%
Vert (emplacement fixe) 098 Silver Dog S-8
0%
Rouge (sort) 1015 Sup'vision D-70
0%
Rouge (sort) 1029 Tir B-25
0%
Vert (emplacement fixe) 022 Toraemon A-22
0%
Rouge (sort) 1001 Voyance G-200
0%
Aucun quiz correspondant
Distribution des résultats
% des personnes avec chaque résultat
Percentile par nombre de réponses
Votre historique - résultats
Vous n’avez pas pris ce quiz